The adaptive economy : (Record no. 492)

MARC details
000 -LEADER
fixed length control field 01646cam a2200337 a 4500
001 - CONTROL NUMBER
control field 2031243
005 - DATE AND TIME OF LATEST TRANSACTION
control field 20210414113911.0
008 - FIXED-LENGTH DATA ELEMENTS--GENERAL INFORMATION
fixed length control field 920402s1993 dcua b i001 0 eng
010 ## - LIBRARY OF CONGRESS CONTROL NUMBER
LC control number 92014469
020 ## - INTERNATIONAL STANDARD BOOK NUMBER
International Standard Book Number 0821321250
040 ## - CATALOGING SOURCE
Original cataloging agency DLC
Transcribing agency DLC
Modifying agency DLC
043 ## - GEOGRAPHIC AREA CODE
Geographic area code d------
050 00 - LIBRARY OF CONGRESS CALL NUMBER
Classification number HC59.7.K4817
082 00 - DEWEY DECIMAL CLASSIFICATION NUMBER
Classification number 338.9/0091724
Edition number 20
100 1# - MAIN ENTRY--PERSONAL NAME
Personal name Killick, Tony.
245 14 - TITLE STATEMENT
Title The adaptive economy :
Remainder of title adjustment policies in small, low-income countries /
Statement of responsibility, etc. Tony Killick.
260 ## - PUBLICATION, DISTRIBUTION, ETC.
Place of publication, distribution, etc. Washington, D.C. :
Name of publisher, distributor, etc. World Bank,
Date of publication, distribution, etc. c1993.
300 ## - PHYSICAL DESCRIPTION
Extent xi, 399 p.:
Other physical details ill.,
Dimensions 24 cm.
440 #0 - SERIES STATEMENT/ADDED ENTRY--TITLE
Title EDI development studies
500 ## - GENERAL NOTE
General note "EDI catalog no.: 400/058"--T.p. verso.
500 ## - GENERAL NOTE
General note Economic Development Institute of the World Bank, Overseas Development Institute"--Cover.
504 ## - BIBLIOGRAPHY, ETC. NOTE
Bibliography, etc. note Includes bibliographical references and index.
505 ## - FORMATTED CONTENTS NOTE
Formatted contents note Contents: Introduction -- Economic development structural flexibility -- The Flexible economy -- The Strategy of adjustment policy -- Choosing policies -- Using the exchange rate -- Markets and governments in agricultural and industrial adjustment -- Financial policies -- The Wider context of adjustment policies -- The Cost and political management of adjustment.
650 #0 - SUBJECT ADDED ENTRY--TOPICAL TERM
Topical term or geographic name entry element Structural adjustment (Economic policy)
Geographic subdivision Developing countries.
710 2# - ADDED ENTRY--CORPORATE NAME
Corporate name or jurisdiction name as entry element World Bank.
710 2# - ADDED ENTRY--CORPORATE NAME
Corporate name or jurisdiction name as entry element Economic Development Institute (Washington, D.C.)
710 2# - ADDED ENTRY--CORPORATE NAME
Corporate name or jurisdiction name as entry element Overseas Development Institute (London, England)
906 ## - LOCAL DATA ELEMENT F, LDF (RLIN)
a 7
b cbc
c orignew
d 1
e ocip
f 19
g y-gencatlg
942 ## - ADDED ENTRY ELEMENTS (KOHA)
Source of classification or shelving scheme Library of Congress Classification
Koha item type Books
Holdings
Withdrawn status Lost status Source of classification or shelving scheme Damaged status Not for loan Home library Current library Shelving location Date acquired Total Checkouts Full call number Barcode Date last seen Copy number Price effective from Koha item type
    Library of Congress Classification     WISCONSIN INTERNATIONAL UNIVERSITY COLLEGE, GHANA - MAIN LIBRARY WISCONSIN INTERNATIONAL UNIVERSITY COLLEGE, GHANA - MAIN LIBRARY General Stacks 26/01/2012   HC59.7.K4817 1027/11 26/01/2012 1 26/01/2012 Books

If you have any concerns or questions; kindly contact the library


© Powered by WIUC ICT DIRECTORATE